[Event "Nancy Rapid 19th"]
[Site "Nancy"]
[Date "2021.10.24"]
[Round "2"]
[White "Patry, Octave"]
[Black "Braeuning, Rudolf Wilhelm"]
[Result "1-0"]
[WhiteElo "1795"]
[BlackElo "2248"]
[PlyCount "90"]
[EventDate "2021.10.24"]
[EventType "swiss (rapid)"]
[EventRounds "9"]
[EventCountry "FRA"]
[SourceTitle "CBM 204 Extra"]
[Source "ChessBase"]
[SourceDate "2021.11.30"]
[SourceVersion "1"]
[SourceVersionDate "2021.11.30"]
[SourceQuality "1"]

1. Nf3 c5 2. c4 g6 3. Nc3 Bg7 4. g3 Nc6 5. Bg2 e5 6. 0-0 Nge7 7. d3 0-0 8. a3 d6 9. Rb1 f5 10. Qc2 a5 11. e4 f4 12. Nd5 Bg4 13. h3 Bxf3 14. Bxf3 Nd4 15. Qd1 a4 16. g4 Nxd5 17. cxd5 b5 18. Bd2 Qb6 19. Bc3 Nb3 20. Bd2 b4 21. h4 Qb5 22. Be1 Nd4 23. Rc1 bxa3 24. bxa3 Qb2 25. Rc3 Rfb8 26. g5 Rb3 27. Rc4 Qxa3 28. Bg4 Rxd3 29. Qb1 Qb3 30. Qc1 f3 31. Kh2 a3 32. Bb4 a2 33. Bxc5 a1Q 34. Qxa1 Rxa1 35. Rxa1 Qxc4 36. Ra8+ Kf7 37. Ra7+ Ke8 38. Bd7+ Ke7 39. Bb5+ Kd8 40. Bxc4 Rd2 41. Bb6+ Kc8 42. Ba6+ Kb8 43. Rxg7 Rxf2+ 44. Kg1 Rg2+ 45. Kf1 Rb2 1-0

[Event "Coupe Jean-Claude Loubatiere"]
[Site "Saint Quentin"]
[Date "2019.06.29"]
[Round "1.3"]
[White "Andre, Victoria"]
[Black "Patry, Octave"]
[Result "1-0"]
[WhiteElo "1621"]
[BlackElo "1651"]
[PlyCount "161"]
[EventDate "2019.06.29"]
[EventType "team-match"]
[EventRounds "5"]
[EventCountry "FRA"]
[SourceTitle "EXT 2020"]
[Source "ChessBase"]
[SourceDate "2019.10.17"]
[SourceVersion "1"]
[SourceVersionDate "2019.10.17"]
[SourceQuality "1"]

1. e4 d6 2. d4 Nf6 3. Nc3 g6 4. Bd3 c6 5. Nge2 Bg7 6. 0-0 0-0 7. f4 e5 8. Kh1 Qb6 9. Na4 Qa5 10. fxe5 dxe5 11. c3 Bg4 12. Nc5 Qc7 13. Bg5 Nh5 14. Qd2 b6 15. Nb3 Re8 16. Bc4 Be6 17. Bxe6 Rxe6 18. d5 Rd6 19. c4 Nd7 20. Rf2 Ndf6 21. Nc3 Ng4 22. Rf3 h6 23. Bh4 g5 24. Bf2 Nxf2+ 25. Qxf2 Nf4 26. Rf1 Rf6 27. Qd2 Rd8 28. Nc1 Qe7 29. Nd3 cxd5 30. cxd5 Rc8 31. Nf2 a6 32. Ng4 Rd6 33. Ne3 b5 34. Nf5 Qd7 35. Nxd6 Qxd6 36. a3 Rc4 37. g3 Nh3 38. Rxf7 Qg6 39. d6 Rd4 40. Qg2 g4 41. Ra7 Rxd6 42. Rff7 Qxf7 43. Rxf7 Kxf7 44. Qf1+ Bf6 45. Nd5 Ng5 46. Qf5 Nf3 47. Qxg4 Ng5 48. Qc8 Kg6 49. Qe8+ Nf7 50. Qg8+ Bg7 51. Ne7+ Kf6 52. Nf5 Rd1+ 53. Kg2 Rd2+ 54. Kh3 Ng5+ 55. Kg4 Rd7 56. Nxg7 Rxg7 57. Qd8+ Re7 58. Qd6+ Re6 59. Qf8+ Nf7 60. Qc8 Rd6 61. Qc2 Re6 62. Qf2+ Ke7 63. Qc5+ Kf6 64. Kf3 Ng5+ 65. Ke3 Re7 66. h4 Nf7 67. Qc2 Nd6 68. Qf2+ Kg7 69. g4 Rf7 70. Qg3 Rf4 71. g5 Rxe4+ 72. Kf2 Rf4+ 73. Kg2 h5 74. Qd3 Rg4+ 75. Kh3 Rd4 76. Qc3 Kg6 77. Qc2+ e4 78. Qc5 Rd3+ 79. Kg2 e3 80. Qc2 Kf5 81. Qxd3+ 1-0